000
00325nam a22001337a 4500
008
170221b xxu||||| |||| 00| 0 eng d
020
_a
0879936908
041
_a
eng
080
_a
615
100
_a
5
101
_a
SHF
245
_a
NONPHARMACOLOGICAL THERAPY OF ARRHYTHMIAS FOR THE 21ST CENTURY
_c
SINGER, I
942
_2
udc
_c
BK
999
_c
6005
_d
6005